• 首页
  • 本馆介绍
  • 公告通知
  • 最新文献
  • 馆藏检索
  • 电子资源
  • 读者导购
  • 参考咨询
  • 我的图书馆
  • 登录
  • 详细信息显示
  • 放入我的书架
  • 预约/预借图书
  • 作者相关作品
  • 分类相关作品
  • 丛书相关作品
  • 出版社相关作品

书目信息

  • 表格格式
  • 工作单格式
  • 卡片格式
题名:
包装设计
    
 
作者: 张潇 , 沈卓娅 编著
分册:  
出版信息: 上海   上海交通大学出版社  2021.08
页数: 163页
开本: 26cm
丛书名:
单 册:
中图分类: TB482
科图分类:
主题词: 包装设计--高等职业教育--教材 , 包装设计
电子资源:
ISBN: 978-7-313-08910-6
000 00973nam0 2200277 450
001 2336611638
005 20231231101045.87
010    @a978-7-313-08910-6@dCNY 58.00
090    @aTB48@bzx
096    @aTB48@bzx
100    @a20121210d2021 em y0chiy0120 ea
101 0  @achi
102    @aCN@b310000
105    @aa z 000yy
200 1  @a包装设计@b专著@f张潇,沈卓娅编著@Abao zhuang she ji
210    @a上海@c上海交通大学出版社@d2021.08
215    @a163页@c图@d26cm
300    @a高等学校高职高专示范性院校艺术设计类专业 “十二五”规划教材/刘境奇总主编
330    @a本书分为包装设计的概要,包装设计的前期准备,包装设计的内容和包装设计的提升四章,介绍了包装的发展,包装设计的基本知识,包装设计的程序等内容。
606 0  @a包装设计@x高等职业教育@j教材
606 0  @a包装设计
690    @aTB482@v5
701  0 @a张潇@c(书籍装帧)@4编著@Azhang xiao
701  0 @a沈卓娅@c(女,@f1961~)@4编著@Ashen zhuo ya
801  2 @aCN@b辽宁北配@c20231205
905    @aBZT@dTB482@e8
    
    包装设计/张潇,沈卓娅编著.-上海:上海交通大学出版社,2021.08
    163页:图;26cm
    高等学校高职高专示范性院校艺术设计类专业 “十二五”规划教材/刘境奇总主编
    
    ISBN 978-7-313-08910-6:CNY 58.00
    本书分为包装设计的概要,包装设计的前期准备,包装设计的内容和包装设计的提升四章,介绍了包装的发展,包装设计的基本知识,包装设计的程序等内容。
●
相关链接 在五车中查询图书 在当当中查询图书 在豆瓣中查询图书


正题名:包装设计     索取号:TB482/8         预约/预借

序号 登录号 条形码 馆藏地/架位号 状态 备注
1 2001732579   2001732579   辽三/辽宁北配(第三批)/4496/ [索取号:TB482/8] 在馆    
2 2001732580   2001732580   辽三/辽宁北配(第三批)/4496/ [索取号:TB482/8] 在馆    
3 2001732581   2001732581   辽三/辽宁北配(第三批)/4496/ [索取号:TB482/8] 在馆    
4 2001732582   2001732582   辽三/辽宁北配(第三批)/4496/ [索取号:TB482/8] 在馆    
5 2001732583   2001732583   辽三/辽宁北配(第三批)/4496/ [索取号:TB482/8] 在馆    
6 2001732584   2001732584   辽三/辽宁北配(第三批)/4496/ [索取号:TB482/8] 在馆    
7 2001732585   2001732585   辽三/辽宁北配(第三批)/4496/ [索取号:TB482/8] 在馆    
8 2001732586   2001732586   辽三/辽宁北配(第三批)/4496/ [索取号:TB482/8] 在馆    
9 2001732587   2001732587   辽三/辽宁北配(第三批)/4496/ [索取号:TB482/8] 在馆    
10 2001732588   2001732588   辽三/辽宁北配(第三批)/4496/ [索取号:TB482/8] 在馆    
11 2001732589   2001732589   辽三/辽宁北配(第三批)/4497/ [索取号:TB482/8] 在馆    
12 2001732590   2001732590   辽三/辽宁北配(第三批)/4497/ [索取号:TB482/8] 在馆    
13 2001732591   2001732591   辽三/辽宁北配(第三批)/4497/ [索取号:TB482/8] 在馆    
14 2001732592   2001732592   辽三/辽宁北配(第三批)/4497/ [索取号:TB482/8] 在馆    
15 2001732593   2001732593   辽三/辽宁北配(第三批)/4497/ [索取号:TB482/8] 在馆    
16 2001732594   2001732594   辽三/辽宁北配(第三批)/4497/ [索取号:TB482/8] 在馆    
17 2001732595   2001732595   辽三/辽宁北配(第三批)/4497/ [索取号:TB482/8] 在馆    
18 2001732596   2001732596   辽三/辽宁北配(第三批)/4497/ [索取号:TB482/8] 在馆    
19 2001732597   2001732597   辽三/辽宁北配(第三批)/4497/ [索取号:TB482/8] 在馆    
20 2001732598   2001732598   辽三/辽宁北配(第三批)/4497/ [索取号:TB482/8] 在馆    
21 2001732599   2001732599   辽三/辽宁北配(第三批)/4497/ [索取号:TB482/8] 在馆    
22 2001732600   2001732600   辽三/辽宁北配(第三批)/4497/ [索取号:TB482/8] 在馆    
23 2001732601   2001732601   辽三/辽宁北配(第三批)/4497/ [索取号:TB482/8] 在馆    
24 2001732602   2001732602   辽三/辽宁北配(第三批)/4497/ [索取号:TB482/8] 在馆    
25 2001732603   2001732603   辽三/辽宁北配(第三批)/4497/ [索取号:TB482/8] 在馆    
26 2001732604   2001732604   辽三/辽宁北配(第三批)/4497/ [索取号:TB482/8] 在馆    
27 2001732605   2001732605   辽三/辽宁北配(第三批)/4497/ [索取号:TB482/8] 在馆    
28 2001732606   2001732606   辽三/辽宁北配(第三批)/4497/ [索取号:TB482/8] 在馆    
29 2001732607   2001732607   辽三/辽宁北配(第三批)/4497/ [索取号:TB482/8] 在馆    
30 2001732608   2001732608   辽三/辽宁北配(第三批)/4497/ [索取号:TB482/8] 在馆    
山东省滨州职业学院图书馆 欢迎您!
大连网信软件有限公司© 版权所有